Práca s príbehom v období predškolského veku (1.)

Bibliographic Details
Main Authors: Valešová Malecová, Barbara (Author), Rejmanová, Karolína (Author)
Format: Article
Language:Slovak
ISSN:0032-7220
Subjects:

MARC

LEADER 00000nab a2200000 4500
001 vtls011744014
003 SK-MaSNL
005 20260304170517.0
008 180228|2017 xo |||| ||an ||00 0|slo
015 |a SNBRB2018/02 
040 |e rda 
041 |a slo  |b slo 
044 |a xo  |c SK 
072 7 |a 821-1/-8  |x Literatúra rôznych foriem a žánrov  |2 konspekt 
080 |a 821-32  |x "465.04/.06"  |2 2011 
100 1 |a Valešová Malecová, Barbara  |4 aut  |9 499336 
245 1 0 |a Práca s príbehom v období predškolského veku (1.)  |c Barbara Valešová Malecová, Karolína Rejmanová 
336 |a text  |b txt  |2 rdacontent 
337 |a bez média  |b n  |2 rdamedia 
338 |a zväzok  |b nc  |2 rdacarrier 
504 |a Obsahuje bibliografiu 
546 |a Slovenské resumé 
650 0 7 |a príbehy  |2 snkbucl  |9 275801 
650 0 7 |a záťažové situácie  |2 snkbucl  |9 391037 
650 0 7 |a predškolský vek  |2 snkbucl  |9 70893 
700 1 |a Rejmanová, Karolína  |4 aut  |9 1497897 
773 0 |t Predškolská výchova  |g Roč. LXXII, č. 2 (2017/18), s. 21-25  |x 0032-7220 
787 0 8 |i Rec.: 
958 |a NB 
999 |c 2989134  |d 2991064